Text book of hydraulic machines (Record no. 10732)

000 -LEADER
fixed length control field 00441nam a22001817a 4500
001 - CONTROL NUMBER
control field 10732
003 - CONTROL NUMBER IDENTIFIER
control field BD-DhUET
008 - FIXED-LENGTH DATA ELEMENTS--GENERAL INFORMATION
fixed length control field 150209b xxu||||| |||| 00| 0 eng d
040 ## - CATALOGING SOURCE
Transcribing agency 0
Modifying agency BD-DhUET
082 ## - DEWEY DECIMAL CLASSIFICATION NUMBER
Classification number 621.2
Item number KHU/1985
100 ## - MAIN ENTRY--PERSONAL NAME
Personal name Khurmi, R. S.
245 ## - TITLE STATEMENT
Title Text book of hydraulic machines
250 ## - EDITION STATEMENT
Edition statement 14th ed.
260 ## - PUBLICATION, DISTRIBUTION, ETC. (IMPRINT)
Place of publication, distribution, etc. New Delhi
Name of publisher, distributor, etc. S. Chand
Date of publication, distribution, etc. 1985
300 ## - PHYSICAL DESCRIPTION
Extent vii, v.p.
Other physical details ill.
650 #0 - SUBJECT ADDED ENTRY--TOPICAL TERM
Topical term or geographic name as entry element Hydraulic Machines
942 ## - ADDED ENTRY ELEMENTS (KOHA)
Koha item type General Book
Holdings
Date acquired Damaged status Withdrawn status Koha normalized classification for sorting Lost status Location (home branch) Price effective from Shelving location Not for loan Sublocation or collection (holding branch) Source of classification or shelving scheme Koha item type Copy number Koha date last seen Koha full call number Piece designation (barcode)
2015-02-09  621_200000000000000_KHU_1985 Central Library, BUET2015-02-09Circulation section Central Library, BUET General Book12015-02-09621.2/KHU/198564129
2015-02-09  621_200000000000000_KHU_1985 Central Library, BUET2015-02-09Circulation section Central Library, BUET General Book22015-02-09621.2/KHU/198564154
2015-02-09  621_200000000000000_KHU_1985 Central Library, BUET2015-02-09Circulation section Central Library, BUET General Book32015-02-09621.2/KHU/198564142
2015-02-09  621_200000000000000_KHU_1985 Central Library, BUET2015-02-09Circulation section Central Library, BUET General Book42015-02-09621.2/KHU/198556685
2015-02-09  621_200000000000000_KHU_1985 Central Library, BUET2015-02-09Circulation section Central Library, BUET General Book52015-06-22621.2/KHU/198564155
2015-02-09  621_200000000000000_KHU_1985 Central Library, BUET2015-02-09Circulation section Central Library, BUET General Book62015-02-09621.2/KHU/198564132
2015-02-09  621_200000000000000_KHU_1985 Central Library, BUET2015-02-09Circulation section Central Library, BUET General Book72015-02-09621.2/KHU/198564136
2015-02-09  621_200000000000000_KHU_1985 Central Library, BUET2015-02-09Circulation section Central Library, BUET General Book82015-02-09621.2/KHU/198564153
2015-02-09  621_200000000000000_KHU_1985 Central Library, BUET2015-02-09Circulation section Central Library, BUET General Book92015-02-09621.2/KHU/198564134
2015-02-09  621_200000000000000_KHU_1985 Central Library, BUET2015-02-09Circulation section Central Library, BUET General Book102015-02-09621.2/KHU/198564150
2015-02-09  621_200000000000000_KHU_1985 Central Library, BUET2015-02-09Circulation section Central Library, BUET General Book112015-02-09621.2/KHU/198564137
2015-02-09  621_200000000000000_KHU_1985 Central Library, BUET2015-02-09Circulation section Central Library, BUET General Book122015-02-09621.2/KHU/198564139